Stephen hawking para principiantes /

Guardado en:
Autor Principal: Mcevoy, J. P.
Otros Autores: Zarate, Oscar
Formato: Libro
Publicado: Buenos Aires : Era Naciente, 1996
Series:Documentos ilustrados
Materias:
Etiquetas: Agregar Etiqueta
Sin Etiquetas, Sea el primero en etiquetar este registro!
LEADER 00639nam a22002295a 4500
001 CEM.cems009839
005 20080704091818.0
008 130507s1996##################000#0#####d
003 CEMS
020 |a 9879065247 
082 0 4 |a 523.1 
100 1 |a Mcevoy, J. P. 
245 1 0 |a Stephen hawking para principiantes /  |c J. P. Mcevoy y Oscar Zarate 
260 |a Buenos Aires :  |b Era Naciente,  |c 1996 
300 |a 175 p. 
490 0 |a Documentos ilustrados 
653 |a Agujeros negros 
653 |a Astronomía 
653 |a Cuasar 
653 |a Universo 
700 1 |a Zarate, Oscar 
859 |a CEMS  |b BIB. CEMS - 11 de abril  |h 523.1  |i M157  |p 20122.98  |t Ej.1